Explorations in Psychology

Salvato in:
Dettagli Bibliografici
Autore principale: Doyle, Charlotte L.
Natura: Libro
Lingua:inglese
Pubblicazione: Monterey Brooks/Cole Publ. Co. 1987
Edizione:1. ed.
Soggetti:
Tags: Aggiungi Tag
Nessun Tag, puoi essere il primo ad aggiungerne!!

MARC

LEADER 00000nam a2200000 4500
001 c004949
005 20221221074555.6
020 |a 0-534-06738-7 
041 0 |a eng 
044 |a US 
245 1 0 |a Explorations in Psychology  |c Charlotte L. Doyle 
250 |a 1. ed. 
264 1 |a Monterey  |b Brooks/Cole Publ. Co.  |c 1987 
300 |a 612 s. 
610 2 0 |a psychológia 
610 2 0 |a výskum psychologický 
610 2 0 |a vedomie 
610 2 0 |a osobnosť 
610 2 0 |a motivácia 
100 1 |a Doyle, Charlotte L.